| Tag |
First Indicator |
Second Indicator |
Subfields |
| LEADER |
00000cam a2200000 a 4500 |
| 001 |
in00000030876 |
| 005 |
20151007054900.0 |
| 008 |
870728s1988 nyu b 00110 eng |
| 010 |
|
|
|a 87021496
|
| 020 |
|
|
|a 0070209766 (pbk.)
|
| 035 |
|
|
|a (OCoLC)16471156
|
| 035 |
|
|
|9 AAB6517AM
|
| 040 |
|
|
|a DLC
|c DLC
|d TXA
|d UtOrBLW
|
| 049 |
|
|
|a TXAM
|c [A11522698]
|
| 050 |
0 |
0 |
|a P94
|b .F48 1988
|
| 082 |
0 |
|
|a 174/.9097
|2 19
|
| 100 |
1 |
|
|a Fink, Conrad C.
|
| 245 |
1 |
0 |
|a Media ethics :
|b in the newsroom and beyond /
|c Conrad C. Fink.
|
| 264 |
|
1 |
|a New York :
|b McGraw-Hill,
|c [1988]
|
| 264 |
|
4 |
|c ©1988
|
| 300 |
|
|
|a xxv, 323 pages ;
|c 24 cm.
|
| 336 |
|
|
|a text
|b txt
|2 rdacontent
|
| 337 |
|
|
|a unmediated
|b n
|2 rdamedia
|
| 338 |
|
|
|a volume
|b nc
|2 rdacarrier
|
| 490 |
1 |
|
|a McGraw-Hill series in mass communication
|
| 504 |
|
|
|a Includes bibliographies and indexes.
|
| 650 |
|
0 |
|a Mass media
|x Moral and ethical aspects.
|
| 650 |
|
0 |
|a Journalistic ethics.
|
| 650 |
|
0 |
|a Mass media
|x Social aspects.
|
| 830 |
|
0 |
|a McGraw-Hill series in mass communication.
|
| 999 |
|
|
|a MARS
|
| 999 |
f |
f |
|s bdffcccf-df98-33e9-abfa-19f2974e8219
|i 02060ecf-f0d9-345e-9831-ab71c74d93f9
|t 0
|
| 952 |
f |
f |
|p normal
|a Texas A&M University
|b College Station
|c Sterling C. Evans Library
|d Evans: Library Stacks
|t 0
|e P94 .F48 1988
|h Library of Congress classification
|i unmediated -- volume
|m A14811522698
|
| 998 |
f |
f |
|a P94 .F48 1988
|t 0
|l Evans: Library Stacks
|